Stavby obce Smižany Základná umelecká škola Dezidera Štraucha 4. časť

Podrobná bibliografia
Hlavný autor: Baginová, Edita (Autor)
Médium: Článok
Jazyk:slovenčina
Fyzický popis:Fotogr.
Predmet:

MARC

LEADER 00000nab a2200000 ar4500
001 vtls010348858
003 SK-MaSNL
005 20260305031045.0
008 120322c20100601xo mr|p|||||||000 b|slo
038 |a SNSK 
040 |b slo  |c SNSK  |e AACR2 
041 |a slo 
044 |a xo  |c SK 
080 |a 69.01  |x (437.678)  |2 2001 
080 |a 351.778.5  |x (437.678)  |2 2001 
080 |a 373.52  |x (437.678)  |2 2001 
100 1 |a Baginová, Edita  |4 aut  |9 1608633 
245 1 0 |a Stavby obce Smižany  |b Základná umelecká škola Dezidera Štraucha  |n 4. časť  |c Edita Baginová 
300 |b Fotogr. 
610 2 7 |a Základná umelecká škola Dezidera Štraucha (Smižany, Slovensko)  |2 snsk  |9 1608392 
650 0 7 |a stavby  |2 snsk  |9 2983 
651 7 |a Smižany (Slovensko)  |2 snsk  |9 29314 
651 7 |a Spišská Nová Ves (Slovensko : okres)  |2 snsk  |9 22259 
773 0 |t Smižiansky hlásnik  |g Roč. XIX., č. 6 (1. jún 2010), s. 3. 
852 |a SNSK  |b KIS3GCP 
999 |c 3314439  |d 3316369